Представление документа в формате RUSMARC

ПолеНазваниеЗначение
  Тип записи a
  Библиографический уровень a
001 Контрольный номер RU/CBS_UL/BASE/580940199
005 Дата корректировки 20240209175225.6
100 Данные общей обработки __
a Данные общей обработки 20180529d2018 ||| 0rusy0189 ca
101 Язык документа 0_
a Язык текста rus
102 Страна публикации __
a Страна публикации RU
105 Кодированные данные (монография) __
a Кодированные данные (монография) y###||||000|y
200 Заглавие и сведения об ответственности 1_
a Заглавие Равные права - равные возможности
b Общее обозначение материала Текст
e Сведения, относящиеся к заглавию [материалы для урока доброты, посвященного истории возникновения акции "Белая трость" и подвигам незрячих людей в годы Великой Отечественной войны на фронте и в тылу]
f Первые сведения об ответственности С. Шаповалова
300 Общие примечания __
a Общие примечания Ограничения по возрасту - 16+
461 Уровень набора _0
1 2000
a Клуб
463 Уровень физической единицы _0
1 001RU/CBS_UL/BASE/580332696
1 2000
a № 5
v С. 5-7 : фото
1 210
d 2018
600 Персоналии _0
a Персоналии (Фамилия) Гаюи
b Персоналии (Имя, инициалы) В.
600 Персоналии _0
a Персоналии (Фамилия) Батюк
b Персоналии (Имя, инициалы) Я.П.
606 Тематические рубрики 0_
a Основная рубрика Великая Отечественная война - 1941 - 1945 - Герои и героизм - Инвалиды по зрению
y Географическая подрубрика Ленинград, город
y Географическая подрубрика Нежин, город (Украина)
z Хронологическая подрубрика 1941-1945
606 Тематические рубрики 0_
a Основная рубрика Школьники - Воспитание доброты - Методический материал
610 Ключевые слова 0_
a Ключевые слова Всероссийское общество слепых
a Ключевые слова ВОС
a Ключевые слова войны
a Ключевые слова Великая Отечественная война
a Ключевые слова ВОВ
a Ключевые слова слепые люди
a Ключевые слова незрячие люди
a Ключевые слова подвиги
a Ключевые слова инвалиды по зрению
a Ключевые слова люди с ограниченными возможностями
a Ключевые слова Белая трость (акции)
a Ключевые слова акции
a Ключевые слова блокады
a Ключевые слова блокада ленинградская
a Ключевые слова подпольщики
a Ключевые слова уроки доброты
686 Индексы других классификаций __
a Классификационный индекс 63.3(2)622.78
2 Код системы ББК
686 Индексы других классификаций __
2 Код системы ББК
686 Индексы других классификаций __
a Классификационный индекс 74.200.58
2 Код системы ББК
700 Автор _1
a Фамилия Шаповалова
b Имя (инициалы) С.
801 Источник записи _0
a Страна RU
b Организация МБУК ЦБС г. Ульяновска
c Дата составления 20180529
g Правила каталогизации RCR
801 Источник записи _1
a Страна RU
b Организация МБУК ЦБС г. Ульяновска
c Дата составления 20180529
g Правила каталогизации RCR
901 Тип документа __
t Тип документа b
w Контрольный № источника RU/CBS_UL/BASE/580332696
910 Корректоры записи __
a Корректор записи Библиотека 1
938 Служебная информация __
a Имя БД period